000 00614cam a22002053a 4500
001 35459
003 PGUSA
005 20140828083750.0
008 110302s2011||||xxu|||||s|||||000 | eng d
040 _aPGUSA
_beng
042 _adc
100 1 _aBarry, Joseph
245 1 4 _aThe Strange Story of Harper's Ferry :
_bWith Legends of the Surrounding Country
_h[electronic resource] /
_cJoseph Barry
260 _bProject Gutenberg,
_c2011
506 _aPublic domain in the USA.
516 _aElectronic text
830 0 _aProject Gutenberg
_v35459
856 4 0 _uhttp://www.gutenberg.org/ebooks/35459
942 _cEB
999 _c264714
_d264714